Culture Générale - Série 1849 - Statistiques

Statistiques générales
  • Ce quiz a été pris 108 fois
  • Le résultat moyen est 3 sur 10
Statistiques - réponses
Question Réponse % Correct
Quel est le pays d'origine de la danse appelée "jota" ? Espagne
72%
Comment appelle-t-on les habitants de la ville d'Epinal, située dans les Vosges ? Spinaliens
54%
Dans quel pays est originaire l'Indri qui est un primate lémuriforme ? Madagascar
52%
Dans quel département français se trouve la commune de Trets, première “Capitale Provençale de la Culture” ? Bouches du Rhône
49%
Le "moa" est un oiseau maintenant disparu, originaire de : .... Nouvelle Zélande
40%
Quel verbe signifie "Stériliser (du lait) à très haute température, mais de façon très courte" ? upériser
24%
Comment appelait-on autrefois les lunettes sans branches qui se fixaient au nez ? - voir photo besicles
14%
L'écrivain français Gabriel Chevallier a publié un roman en 1930 sur la guerre 14-18, intitulé : "La .... peur
2%
Comment appelle-t-on les habitants de la ville d'Epernay, située dans la Marne ? Sparnaciens
1%
En religion, comment appelle-t-on la cérémonie de prise d'habit ou de voile ? vêture
0%
Aucun quiz correspondant
Distribution des résultats
% des personnes avec chaque résultat
Percentile par nombre de réponses
Votre historique - résultats
Vous n’avez pas pris ce quiz